000 00681nam a2200193 a 4500
001 000017939
005 20200929165304.0
008 100407s2003 dr bc 000 0 spa d
040 _aDO-SdBNP
_bspa
_cBNPHU
082 _a938
_bF718i
100 1 _aForestieri Sanabia, Rolando
_92384
245 1 0 _aIntroducción al estudio histórico-cultural de Grecia /
_cRolando forestieri Sanabia.
260 _aSanto Domingo :
_bLa Palabra,
_c2003.
300 _a146 p. :
_bmap., retrs. ;
_c20 cm.
504 _aIncluye referencias bibliográficas y notas al pie de las páginas
504 _aIncluye bibliografías (p. 108-112)
650 4 _aGrecia
_xHistoria
_xCultura
_938904
049 _aBNPD
999 _c17463
_d17463